000 00616nam a2200205Ia 4500
003 OSt
005 20240926114146.0
008 220927b |||||||| |||| 00| 0 eng d
020 _a8186791140
037 _cTextual
040 _aSDCL
_cSDCL
_beng
041 _2eng
_aeng
082 _aY:1.20j43'D N8
100 _aChakravarti, Adhir
_9509654
245 0 _aIndia and South-east Asia socioecono-cultural contacts.
260 _c1998.
_aCalcutta :
_bPunthi Pustak,
300 _a587p.
942 _hY:1.20j43'D N8
_cTEXL
_2CC
999 _c829631
_d829631